| 000 | 00408nam a2200157Ia 4500 | ||
|---|---|---|---|
| 008 | 230917s9999||||xx |||||||||||||| ||und|| | ||
| 020 | _cRS95 | ||
| 040 |
_e19884 _aMAIN |
||
| 041 | _aEnglish | ||
| 082 | _a301.54 J334H | ||
| 100 | _aJayaram, N | ||
| 245 | 0 | _aHousing in India: Problem, policy and perspectives | |
| 260 |
_aDelhi _bB R Publishing Corporation _c1988 |
||
| 300 | _aviii, 139 p. | ||
| 942 | _cBK | ||
| 999 |
_c76633 _d76633 |
||